| 000 | 01060nam a22002297a 4500 | ||
|---|---|---|---|
| 005 | 20090924100233.0 | ||
| 008 | 090519t xxu||||| |||| 00| 0 eng d | ||
| 010 | _aB-358746 | ||
| 020 | _c400.00 | ||
| 035 | _aB-358746 | ||
| 037 | _bGalgotia Publications | ||
| 040 |
_adpl _bEnglish |
||
| 082 | _a621.3 | ||
| 100 | _aRai, Harish C. | ||
| 245 |
_aQuestion bank in electrical and electronics engineering / _cby Harish C. Rai |
||
| 260 |
_aNew Delhi _bGalgotia Publications _c2010(repr.) |
||
| 270 |
_a5, Ansari Road, Darya Ganj _bNew Delhi _cDelhi _e110002 |
||
| 300 |
_a1098p. _c28cm. (pbk) |
||
| 942 |
_adpl _cEN _2ddc _h621.3 _mRAI |
||
| 999 |
_c30633 _d30633 |
||